| Tag |
First Indicator |
Second Indicator |
Subfields |
| LEADER |
00000pam a2200000 i 4500 |
| 001 |
in00000074700 |
| 005 |
20151008053625.0 |
| 008 |
810114s1981 njua b 00110 eng |
| 010 |
|
|
|a 80029591
|
| 020 |
|
|
|a 0898590558
|
| 035 |
|
|
|a (OCoLC)07206818
|
| 035 |
|
|
|9 AAH8064AM
|
| 040 |
|
|
|a DLC
|c DLC
|d m.c.
|d TXA
|d UtOrBLW
|
| 049 |
|
|
|a TXAM
|c [932611]
|
| 050 |
0 |
0 |
|a BF432.A1
|b S3
|
| 082 |
0 |
|
|a 153.9/2
|2 19
|
| 100 |
1 |
|
|a Scarr, Sandra.
|
| 245 |
1 |
0 |
|a Race, social class, and individual differences in I.Q. /
|c Sandra Scarr ; commentaries by Leon J. Kamin, Arthur R. Jensen.
|
| 264 |
|
1 |
|a Hillsdale, N.J. :
|b Lawrence Erlbaum Associates,
|c 1981.
|
| 300 |
|
|
|a xiii, 545 pages :
|b illustrations ;
|c 24 cm.
|
| 336 |
|
|
|a text
|b txt
|2 rdacontent
|
| 337 |
|
|
|a unmediated
|b n
|2 rdamedia
|
| 338 |
|
|
|a volume
|b nc
|2 rdacarrier
|
| 504 |
|
|
|a Includes bibliographies and indexes.
|
| 650 |
|
0 |
|a Intelligence levels
|x Social aspects.
|
| 650 |
|
0 |
|a Social classes.
|
| 650 |
|
0 |
|a Race.
|
| 650 |
|
0 |
|a Ethnopsychology.
|
| 650 |
|
0 |
|a Nature and nurture.
|
| 999 |
|
|
|a MARS
|
| 999 |
f |
f |
|s c9851e51-83e7-3e9b-966d-5a18bc17dd27
|i fa379eba-3c53-32e0-9c81-c8e4807cf831
|t 0
|
| 952 |
f |
f |
|p ric
|a Texas A&M University
|b Rellis Campus
|c Joint Library Facility
|d Remote Storage
|t 0
|e BF432.A1 S3
|h Library of Congress classification
|i unmediated -- volume
|m A14806087201
|
| 998 |
f |
f |
|a BF432.A1 S3
|t 0
|l Remote Storage
|